Statistics for Countries Bordering Unknown Country #25

Click here to take the quiz!

General Stats

  • This quiz has been taken 328 times
  • The average score is 6 of 6

Answer Stats

Bordering CountryAnswer% Correct
FFrance
100%
GGermany
100%
IItaly
99%
AAustria
97%
LLiechtenstein
97%
Switzerland
95%

Score Distribution

Percentile by Number Answered

Percent of People with Each Score

Your Score History

You have not taken this quiz